[Event "Sochi Doroshkevich Amateur op"]
[Site "Sochi"]
[Date "2017.12.26"]
[Round "7"]
[White "Demchenko, Alisa"]
[Black "Mikhailov, Dmitry"]
[Result "0-1"]
[WhiteElo "1960"]
[BlackElo "2144"]
[PlyCount "46"]
[EventDate "2017.12.21"]
[EventType "swiss"]
[EventRounds "9"]
[EventCountry "RUS"]
[SourceTitle "CBM 182 Extra"]
[Source "ChessBase"]
[SourceDate "2018.02.23"]
[SourceVersion "1"]
[SourceVersionDate "2018.02.23"]
[SourceQuality "1"]

1. d4 g6 2. c4 Bg7 3. Nc3 d6 4. e4 e6 5. Nf3 Nd7 6. Be2 Ne7 7. 0-0 h6 8. Be3 0-0 9. Qd2 Kh7 10. Ne1 f5 11. exf5 Nxf5 12. Nf3 Nf6 13. Rac1 Bd7 14. d5 exd5 15. cxd5 Nxe3 16. Qxe3 Ng4 17. Qd2 a6 18. h3 Ne5 19. Nxe5 Bxe5 20. f4 Bg7 21. Bd3 Qf6 22. Ne4 Qd4+ 23. Kh1 Bf5 0-1

[Event "Sochi Doroshkevich Amateur op"]
[Site "Sochi"]
[Date "2017.12.25"]
[Round "5"]
[White "Gharagyozyan, Artur"]
[Black "Demchenko, Alisa"]
[Result "1/2-1/2"]
[WhiteElo "2148"]
[BlackElo "1960"]
[PlyCount "65"]
[EventDate "2017.12.21"]
[EventType "swiss"]
[EventRounds "9"]
[EventCountry "RUS"]
[SourceTitle "CBM 182 Extra"]
[Source "ChessBase"]
[SourceDate "2018.02.23"]
[SourceVersion "1"]
[SourceVersionDate "2018.02.23"]
[SourceQuality "1"]

1. d4 Nf6 2. Nc3 d5 3. Bg5 e6 4. e4 dxe4 5. Nxe4 Be7 6. Bxf6 gxf6 7. Nf3 f5 8. Nc3 a6 9. g3 b5 10. Bg2 Bb7 11. 0-0 Qd6 12. Re1 Nd7 13. Qe2 Nb6 14. Rad1 b4 15. Nb1 0-0 16. c4 bxc3 17. bxc3 c5 18. d5 Bxd5 19. c4 Nxc4 20. Nc3 Nb6 21. Ne5 Bf6 22. Nxd5 Nxd5 23. Nc4 Qc6 24. Ne3 Rad8 25. Qh5 Kh8 26. Bxd5 exd5 27. Nxf5 Bc3 28. Ne7 Qf6 29. Nxd5 Rxd5 30. Qxd5 Bxe1 31. Rxe1 Rc8 32. Re4 Rc6 33. Kg2 1/2-1/2

[Event "Sochi City-ch"]
[Site "Sochi"]
[Date "2017.09.08"]
[Round "7"]
[White "Demchenko, Alisa"]
[Black "Panteleev, Aleksandr"]
[Result "1-0"]
[WhiteElo "1978"]
[BlackElo "1633"]
[PlyCount "81"]
[EventDate "2017.09.02"]
[EventType "swiss"]
[EventRounds "9"]
[EventCountry "RUS"]
[SourceTitle "CBM 180 Extra"]
[Source "ChessBase"]
[SourceDate "2017.10.06"]
[SourceVersion "1"]
[SourceVersionDate "2017.10.06"]
[SourceQuality "1"]

1. d4 d5 2. c4 e6 3. Nc3 Nf6 4. cxd5 exd5 5. Bg5 Be7 6. e3 0-0 7. Qc2 a6 8. Bd3 h6 9. Bh4 Nc6 10. a3 Re8 11. Nge2 Be6 12. Bxf6 Bxf6 13. 0-0 Be7 14. Rae1 Bd6 15. f4 f6 16. Bg6 Rf8 17. f5 Bf7 18. Bxf7+ Rxf7 19. Qb3 Ne7 20. Qxb7 c5 21. dxc5 Bxc5 22. Nd4 Nxf5 23. Qc6 Rc8 24. Ne6 Ne7 25. Nxd8 Nxc6 26. Nxf7 Kxf7 27. Nxd5 Ne5 28. b4 Bd6 29. Rc1 Re8 30. Nc7 Re7 31. Nxa6 Ng4 32. h3 Nxe3 33. Rfe1 f5 34. Kf2 f4 35. Kf3 g5 36. Nc5 h5 37. b5 g4+ 38. hxg4 hxg4+ 39. Kf2 Be5 40. a4 Bd4 41. a5 1-0

[Event "World School-ch U17 Girls 12th"]
[Site "Sochi"]
[Date "2016.12.10"]
[Round "8"]
[White "Arbynova, Agniya"]
[Black "Demchenko, Alisa"]
[Result "1-0"]
[WhiteElo "1872"]
[BlackElo "1939"]
[PlyCount "91"]
[EventDate "2016.12.03"]
[EventType "swiss"]
[EventRounds "9"]
[EventCountry "RUS"]
[SourceTitle "CBM 176 Extra"]
[Source "ChessBase"]
[SourceDate "2017.03.02"]
[SourceVersion "1"]
[SourceVersionDate "2017.03.02"]
[SourceQuality "1"]

1. d4 Nf6 2. c4 g6 3. Nc3 Bg7 4. e4 d6 5. Be2 0-0 6. Bg5 c5 7. d5 e5 8. Qd2 Nbd7 9. h4 h5 10. g4 hxg4 11. Bxg4 Qe8 12. Be2 a6 13. a4 Nh5 14. Bxh5 gxh5 15. Bh6 f6 16. Bxg7 Kxg7 17. Nh3 Rg8 18. 0-0-0 Nf8 19. Rdg1+ Ng6 20. Qe2 Bg4 21. Qe3 Kh7 22. Qg3 Qd7 23. Ng5+ fxg5 24. hxg5 Nf4 25. Qxg4 Qxg4 26. Rxg4 Kg6 27. Rg3 b5 28. axb5 axb5 29. Kc2 bxc4 30. Nb5 Ra6 31. Na3 Ne2 32. Rgh3 c3 33. Rxh5 Rb8 34. Rh6+ Kxg5 35. Nc4 Kf4 36. Kd3 Kf3 37. Nxe5+ Kf4 38. Ng6+ Kg5 39. R1h5+ Kf6 40. Nf4+ Kf7 41. Rh7+ Kf6 42. R5h6+ Kg5 43. Nxe2 cxb2 44. f4+ Kg4 45. Rh4+ Kf3 46. Rh3+ 1-0

[Event "World School-ch U17 Girls 12th"]
[Site "Sochi"]
[Date "2016.12.03"]
[Round "1"]
[White "Gu, Xiaoyun"]
[Black "Demchenko, Alisa"]
[Result "0-1"]
[WhiteElo "1666"]
[BlackElo "1939"]
[PlyCount "50"]
[EventDate "2016.12.03"]
[EventType "swiss"]
[EventRounds "9"]
[EventCountry "RUS"]
[SourceTitle "CBM 176 Extra"]
[Source "ChessBase"]
[SourceDate "2017.03.02"]
[SourceVersion "1"]
[SourceVersionDate "2017.03.02"]
[SourceQuality "1"]

1. d4 Nf6 2. c4 g6 3. Nc3 Bg7 4. e4 d6 5. Be2 0-0 6. Bg5 h6 7. Bh4 Nbd7 8. f4 e5 9. fxe5 dxe5 10. dxe5 Nxe5 11. Qxd8 Rxd8 12. Bxf6 Bxf6 13. Nd5 Nd7 14. Nxc7 Bxb2 15. Rd1 Rb8 16. Nf3 b6 17. 0-0 Bb7 18. Nd5 Kg7 19. Rd2 Ba3 20. Kh1 Nc5 21. Bd3 Rbc8 22. Ne5 Rf8 23. Rdf2 Bxd5 24. cxd5 f6 25. Nc4 Nxd3 0-1

[Event "Satka Autumn op"]
[Site "Satka"]
[Date "2016.09.25"]
[Round "5"]
[White "Semenova, Elena"]
[Black "Demchenko, Alisa"]
[Result "1/2-1/2"]
[WhiteElo "2256"]
[BlackElo "1830"]
[PlyCount "96"]
[EventDate "2016.09.21"]
[EventType "swiss"]
[EventRounds "9"]
[EventCountry "RUS"]
[SourceTitle "CBM 174 Extra"]
[Source "ChessBase"]
[SourceDate "2016.10.10"]
[SourceVersion "1"]
[SourceVersionDate "2016.10.10"]
[SourceQuality "1"]

1. e4 c6 2. d4 d5 3. Nd2 dxe4 4. Nxe4 Bf5 5. Ng3 Bg6 6. h4 h6 7. f4 e6 8. Nf3 Nd7 9. h5 Bh7 10. Bd3 Bxd3 11. Qxd3 Ngf6 12. Bd2 Qc7 13. 0-0-0 c5 14. Qc4 Bd6 15. dxc5 Bxc5 16. Ne5 Nxe5 17. fxe5 Nd7 18. Ne4 Rc8 19. Kb1 Nxe5 20. Qa4+ Nd7 21. Bc3 Qc6 22. Qxc6 Rxc6 23. Bxg7 Rh7 24. Bf6 Be7 25. Bxe7 Kxe7 26. Rxd7+ Kxd7 27. Nf6+ Ke7 28. Nxh7 Rc8 29. Rf1 f5 30. g4 fxg4 31. Rf4 Rh8 32. Rxg4 Rxh7 33. c4 Kf6 34. Kc2 Kf5 35. Rg6 e5 36. Kd3 Kf4 37. Ke2 e4 38. b3 a6 39. a3 e3 40. b4 Rd7 41. Rxh6 Rd2+ 42. Kf1 Rh2 43. Rh7 Kf3 44. Rf7+ Ke4 45. Rxb7 Kd3 46. Rd7+ Kxc4 47. Rd6 a5 48. bxa5 Rxh5 1/2-1/2

[Event "RUS-chT (Women)"]
[Site "Sochi"]
[Date "2015.05.06"]
[Round "6.4"]
[White "Baraeva, Marina"]
[Black "Demchenko, Alisa"]
[Result "1-0"]
[WhiteElo "2205"]
[BlackElo "1705"]
[PlyCount "57"]
[EventDate "2015.05.01"]
[EventType "team-swiss"]
[EventRounds "7"]
[EventCountry "RUS"]
[SourceTitle "CBM 166 Extra"]
[Source "ChessBase"]
[SourceDate "2015.06.18"]
[SourceVersion "1"]
[SourceVersionDate "2015.06.18"]
[SourceQuality "1"]
[WhiteTeam "Belorechensk Univ (W)"]
[BlackTeam "Krasnodar Kuban (W)"]
[WhiteTeamCountry "RUS"]
[BlackTeamCountry "RUS"]

1. d4 d5 2. Nf3 Nf6 3. c4 e6 4. Nc3 c6 5. Bg5 h6 6. Bxf6 Qxf6 7. e3 Bd6 8. Bd3 Qe7 9. 0-0 0-0 10. e4 dxc4 11. Bxc4 Nd7 12. e5 Bc7 13. Qe2 Ba5 14. Ne4 c5 15. Nd6 cxd4 16. Nxd4 Rd8 17. Nxf7 Nf8 18. Nxd8 Bxd8 19. Rad1 Kh8 20. Qe4 Rb8 21. Rd3 a6 22. Rf3 b5 23. Bd3 Kg8 24. Nc6 Bb7 25. Nxe7+ Bxe7 26. Rxf8+ Bxf8 27. Qh7+ Kf7 28. Bg6+ Ke7 29. Qg8 1-0

[Event "Krasnodar Region-ch (Women)"]
[Site "Krasnodar"]
[Date "2014.10.04"]
[Round "2"]
[White "Zlydneva, Ekaterina"]
[Black "Demchenko, Alisa"]
[Result "0-1"]
[WhiteElo "1618"]
[BlackElo "1610"]
[PlyCount "66"]
[EventDate "2014.10.03"]
[EventType "swiss"]
[EventRounds "9"]
[EventCountry "RUS"]
[SourceTitle "EXT 2015"]
[Source "ChessBase"]
[SourceDate "2014.11.20"]
[SourceVersion "1"]
[SourceVersionDate "2014.11.20"]
[SourceQuality "1"]

1. e4 e5 2. Nf3 Nc6 3. Bb5 a6 4. Bxc6 dxc6 5. 0-0 Bg4 6. h3 Bxf3 7. Qxf3 Qf6 8. Qg3 Bc5 9. Nc3 h5 10. d3 h4 11. Qg5 Qxg5 12. Bxg5 f6 13. Be3 Bxe3 14. fxe3 c5 15. Nd5 0-0-0 16. Rad1 c6 17. Nb6+ Kc7 18. Na4 b6 19. c3 Nh6 20. Rf2 Nf7 21. a3 Ng5 22. Rfd2 c4 23. dxc4 Rxd2 24. Rxd2 Nxe4 25. Rd1 b5 26. cxb5 axb5 27. Kf1 bxa4 28. Ke2 Rd8 29. Rxd8 Kxd8 30. Kf3 Nd2+ 31. Kg4 g5 32. Kf5 Ke7 33. e4 Nc4 0-1